| 000 | 01528nam a2200361 a 4500 | ||
|---|---|---|---|
| 001 | 000000816 | ||
| 003 | DO-SdBNP | ||
| 005 | 20250618114643.0 | ||
| 008 | 090522s2003 dr 000 0 spa d | ||
| 020 | _a9993455571 | ||
| 020 | _a9789993455578 | ||
| 040 |
_aDO-SdBNP _bspa _cBNPHU |
||
| 082 | 4 |
_a972.93053 _bJ61u, 2003 _222 |
|
| 100 | 1 |
_aJimenes Grullón, Juan Isidro, _d1903-1983 _92482 |
|
| 245 | 1 | 0 |
_aUna gestapo en América : _b(vida, tortura, agonía y muerte de presos políticos bajo la tiranía de Trujillo) / _cJuan Isidro Jimenes Grullón ; introducción Mariano Mella ; introducción a la edición Bernardo Vega ; prólogo Raúl Roa. |
| 246 | 1 | 4 | _aUna gestapo en América |
| 250 | _a8a ed. | ||
| 260 |
_aSanto Domingo : _bSociedad Dominicana de Bibliófilos, _c2003. |
||
| 300 |
_a365 p. ; _c24 cm. |
||
| 490 | 1 |
_aBibliófilos 2000 _v8 |
|
| 504 | _aIncluye referencias bibliográficas y notas al pie de las páginas. | ||
| 590 | _aPerteneció a la biblioteca personal de Juan Isidro Jimenes Grullón. | ||
| 600 | 1 | 0 |
_aJimenes Grullón, Juan Isidro, _d1903-1983 _92482 |
| 650 | 4 |
_aDelitos políticos _zRepública Dominicana _92846 |
|
| 651 | 4 |
_aRepública Dominicana _xPolítica y gobierno _yERA DE TRUJILLO 1930-1961 _92845 |
|
| 700 | 1 |
_aOlivo Álvarez, Sócrates _91042 |
|
| 700 | 1 |
_aMella, Mariano _92101 |
|
| 700 | 1 |
_aRoa, Raúl, _dpról. _92847 |
|
| 700 | 1 |
_aVega, Bernardo, _d1938 - _93222 |
|
| 830 | 0 |
_aBibliófilos 2000 _n8 _92848 |
|
| 910 | _aValidado. Control de calidad MMOLINA. | ||
| 942 |
_2ddc _cLBS1 |
||
| 999 |
_c812 _d812 |
||